Exploring the Network of the Short-term Rental Financial Complex

Cieľom článku je preskúmať nadnárodnú sieť profesionálnych hostiteľov Airbnb a ich integráciu do finančného trhu s nehnuteľnosťami. Autorka analyzuje, ako finančné systémy riadia procesy bývania prostredníctvom trhov s krátkodobým prenájmom.

Guardado en:
Detalles Bibliográficos
Autor principal: Iacovone, Chiara
Formato: Capítulo de libro
Lenguaje:inglés
Materias:
Etiquetas: Agregar Etiqueta
Sin Etiquetas, Sea el primero en etiquetar este registro!

MARC

LEADER 00000naa a2200000 4500
001 0308914
005 20250605135556.9
041 0 |a eng 
044 |a GB 
245 1 0 |a Exploring the Network of the Short-term Rental Financial Complex  |c Chiara Iacovone 
520 |a Cieľom článku je preskúmať nadnárodnú sieť profesionálnych hostiteľov Airbnb a ich integráciu do finančného trhu s nehnuteľnosťami. Autorka analyzuje, ako finančné systémy riadia procesy bývania prostredníctvom trhov s krátkodobým prenájmom. 
610 2 0 |a prenájom 
610 2 0 |a ubytovanie 
610 2 0 |a trh finančný 
610 2 0 |a nehnuteľnosti 
100 1 |a Iacovone, Chiara